[Event "FRA-chT Top 12 2019"]
[Site "Brest"]
[Date "2019.05.28"]
[Round "11.6"]
[White "Maze, Sebastien"]
[Black "Burri, Quentin"]
[Result "1-0"]
[WhiteElo "2579"]
[BlackElo "2425"]
[Annotator "RC"]
[PlyCount "105"]
[EventDate "2019.05.18"]
[EventType "team-tourn"]
[EventCountry "FRA"]
[SourceTitle "playchess.com"]
[Source "ChessBase"]
[SourceQuality "1"]
[TimeControl "40/5400+30:1800+30"]

1. e4 {[%emt 0:00:00]} c5 {[%emt 0:00:00]} 2. Nf3 {[%emt 0:00:00]} d6 {[%emt 0:00:00]} 3. Bb5+ {[%emt 0:00:00]} Nd7 {[%emt 0:00:00]} 4. Ba4 {[%emt 0:00:00]} Ngf6 {[%emt 0:08:05]} 5. O-O {[%emt 0:00:33]} a6 {[%emt 0:03:49]} 6. c4 {[%emt 0:01:15]} g6 {[%emt 0:06:31]} 7. Nc3 {[%emt 0:00:07]} Bg7 {[%emt 0:00:18]} 8. d3 {[%emt 0:00:07]} O-O {[%emt 0:02:13]} 9. h3 {[%emt 0:00:03]} b6 {[%emt 0:04:11]} 10. Bg5 {[%emt 0:00:31]} Bb7 {[%emt 0:01:28]} 11. Rb1 {[%emt 0:00:06]} h6 {[%emt 0:05:07]} 12. Be3 {[%emt 0:00:04]} e6 {[%emt 0:01:37]} 13. Qd2 {[%emt 0:00:42]} Kh7 {[%emt 0:00:19]} 14. b4 {[%emt 0:00:32]} Qc7 {[%emt 0:00:38]} 15. Rfc1 {[%emt 0:04:28]} Rfd8 {[%emt 0:03:02]} 16. a3 {[%emt 0:07:45]} Rac8 {[%emt 0:10:57]} 17. Rb3 {[%emt 0:02:55]} Ba8 {[%emt 0:05:59]} 18. Rcb1 {[%emt 0:06:03]} cxb4 {[%emt 0:10:49]} 19. Rxb4 {[%emt 0:01:47]} d5 {[%emt 0:07:14]} 20. exd5 {[%emt 0:05:59]} exd5 {[%emt 0:00:25]} 21. Bxd7 {[%emt 0:03:01]} Nxd7 {[%emt 0:00:38]} 22. Nxd5 {[%emt 0:02:53]} Bxd5 {[%emt 0:01:05]} 23. cxd5 {[%emt 0:00:09]} Bc3 {[%emt 0:00:20]} 24. Qa2 {[%emt 0:00:52]} Bxb4 {[%emt 0:03:10]} 25. d6 {[%emt 0:00:10]} Bxd6 {[%emt 0:00:11]} 26. Qxf7+ {[%emt 0:00:07]} Kh8 {[%emt 0:00:00]} 27. Bd4+ {[%emt 0:02:07]} Ne5 {[%emt 0:02:18]} 28. Nxe5 {[%emt 0:00:10]} Bxe5 {[%emt 0:00:26]} 29. Qxc7 {[%emt 0:00:06]} Rxc7 {[%emt 0:00:09]} 30. Bxe5+ {[%emt 0:00:03]} Rg7 {[%emt 0:00:04]} 31. Rxb6 {[%emt 0:00:11]} Kh7 {[%emt 0:00:25]} 32. Bxg7 {[%emt 0:00:05]} Kxg7 {[%emt 0:00:03]} 33. Rxa6 {[%emt 0:00:05]} Rxd3 {[%emt 0:00:05]} 34. h4 {[%emt 0:00:12]} h5 {[%emt 0:01:46]} 35. g3 {[%emt 0:00:10]} Rb3 {[%emt 0:00:30]} 36. Ra7+ {[%emt 0:01:33]} Kf6 {[%emt 0:00:19]} 37. Kg2 {[%emt 0:01:00]} Rc3 {[%emt 0:00:34]} 38. a4 {[%emt 0:00:10]} Ra3 {[%emt 0:00:05]} 39. Ra8 {[%emt 0:00:14]} Kf7 {[%emt 0:01:29]} 40. a5 {[%emt 0:00:09]} Kg7 {[%emt 0:00:08]} 41. a6 {[%emt 0:30:06]} Kf7 {[%emt 0:30:03]} 42. Kf1 {[%emt 0:00:56]} Ra2 {[%emt 0:00:40]} 43. Ke1 {[%emt 0:00:04]} Kg7 {[%emt 0:00:15]} 44. Kd1 {[%emt 0:13:16]} Rxf2 {[%emt 0:00:12]} 45. Kc1 {[%emt 0:00:23]} g5 {[%emt 0:08:46]} 46. Kb1 {[%emt 0:17:27]} gxh4 {[%emt 0:03:39]} 47. a7 {[%emt 0:01:57]} hxg3 {[%emt 0:02:17]} 48. Rg8+ {[%emt 0:02:25]} Kxg8 {[%emt 0:00:04]} 49. a8=Q+ {[%emt 0:00:04]} Kg7 {[%emt 0:03:08]} 50. Qd8 {[%emt 0:16:58]} g2 {[%emt 0:06:02]} 51. Qc7+ {[%emt 0:00:31]} Kh8 {[%emt 0:00:45]} 52. Qc3+ {[%emt 0:00:32]} Kh7 {[%emt 0:00:45]} 53. Qd3+ {[%emt 0:00:13]} 1-0

[Event "FRA-chT Top 12 2019"]
[Site "Brest"]
[Date "2019.05.28"]
[Round "11.6"]
[White "Koch, Jean-Rene"]
[Black "Milliet, Sophie"]
[Result "1/2-1/2"]
[WhiteElo "2465"]
[BlackElo "2400"]
[Annotator "TA"]
[PlyCount "56"]
[EventDate "2019.05.18"]
[EventType "team-tourn"]
[EventCountry "FRA"]
[SourceTitle "playchess.com"]
[Source "ChessBase"]
[SourceQuality "1"]

{[%evp 20,56,-9,-9,-9,-18,0,-22,-21,-18,-4,-4,-4,-7,-6,-60,-54,-47,-7,-7,-7,-29,-29,-34,-32,-70,-29,-33,-33,-48,-15,-24,-23,-26,-25,-24,0,-3,0]} 1. c4 Nf6 2. Nc3 g6 3. e4 d6 4. g3 Bg7 5. Bg2 O-O 6. Nge2 c5 7. d3 Nc6 8. O-O Rb8 9. h3 a6 10. a4 Ne8 11. Be3 b5 {A36: Symmetrical English vs ...g6: 4 Bg2 Bg7} 12. cxb5 (12. axb5 axb5 13. Nxb5 Nc7 14. Nec3 {½-½ (14) Alekseev,E (2649)-Demchenko,A (2661) Fagernes 2019}) 12... axb5 13. Nxb5 (13. axb5 {with more complications.} Nd4 14. Rb1 Nc7 15. b4 Ncxb5 16. bxc5 Nxc3 17. Nxc3 Rxb1 18. Qxb1 dxc5 19. Qa2) 13... Nc7 14. d4 Nxb5 15. axb5 Rxb5 16. dxc5 dxc5 17. Nc3 $146 (17. Qa4 $11 Qb6 18. Nc3) ({Predecessor:} 17. Qa4 Qb6 18. Nc3 Ra5 19. Nd5 Rxa4 20. Nxb6 Rxa1 21. Rxa1 Bxb2 22. Ra8 Be6 23. Rxf8+ Kxf8 24. Bxc5 {½-½ (24) Debarshi,M (2292)-Kanarek,M (2508) Suwalki 2018}) 17... Rxb2 $15 18. Na4 Rb4 {[#] Strongly threatening ...Qxd1.} 19. Bxc5 {Black must now prevent Qxd8.} Rc4 20. Qxd8 Rxd8 21. Ra3 Be6 22. Rb1 Bd4 23. Bxd4 Nxd4 24. Nb6 Rb8 25. Ra8 Rxa8 26. Nxa8 Rc8 27. Nb6 Rb8 28. Rb2 g5 {Accuracy: White = 50%, Black = 68%.} 1/2-1/2

[Event "FRA-chT Top 12 2019"]
[Site "Brest"]
[Date "2019.05.28"]
[Round "11.8"]
[White "Maisuradze, Nino"]
[Black "Haussernot, Cecile"]
[Result "1/2-1/2"]
[WhiteElo "2179"]
[BlackElo "2097"]
[Annotator "ChessBase"]
[PlyCount "128"]
[EventDate "2019.05.18"]
[EventType "team-tourn"]
[EventCountry "FRA"]
[SourceTitle "playchess.com"]
[Source "ChessBase"]
[SourceQuality "1"]

1. d4 e6 2. c4 f5 3. g3 Nf6 4. Bg2 Bb4+ 5. Nd2 O-O 6. Ngf3 a5 7. O-O b6 8. a3 Be7 9. Ne5 Ra7 10. b3 Bb7 11. Bb2 Qe8 12. e3 Bxg2 13. Kxg2 d6 14. Nd3 Qc6+ 15. f3 Nbd7 16. Qe2 b5 17. Nf4 bxc4 18. Rac1 Rb8 19. Qxc4 Qxc4 20. Rxc4 Kf7 21. Rfc1 g5 22. Nd3 Bd8 23. Kf2 g4 24. Ne1 gxf3 25. Nexf3 Nb6 26. Rc6 Ng4+ 27. Ke2 Nd5 28. h3 Ngxe3 29. Kf2 Bf6 30. Ne1 h5 31. Nef3 Rg8 32. Rg1 Rg7 33. Rcc1 Rb7 34. Rce1 Nc2 35. Re2 c5 36. Nc4 Nxd4 37. Bxd4 cxd4 38. Nxd6+ Kg6 39. Nxb7 Rxb7 40. Rxe6 Kf7 41. Rd6 Nc3 42. Rxf6+ Kxf6 43. Nxd4 Rd7 44. Nf3 Rd3 45. Kg2 Ne4 46. b4 Rxa3 47. bxa5 Rxa5 48. Kh2 Ra3 49. Nh4 Kg5 50. Nxf5 Kxf5 51. g4+ Kf4 52. gxh5 Ra2+ 53. Rg2 Nd2 54. h4 Nf3+ 55. Kh3 Ra1 56. Rg4+ Ke3 57. Rb4 Rh1+ 58. Kg3 Rg1+ 59. Kh3 Nd4 60. h6 Kf3 61. Kh2 Rg2+ 62. Kh3 Rg3+ 63. Kh2 Rg2+ 64. Kh3 Rg3+ 1/2-1/2

[Event "FRA-chT Top 12 2019"]
[Site "Brest"]
[Date "2019.05.28"]
[Round "11.8"]
[White "Bolon, Karelle"]
[Black "Rakotomaharo, Fy Antenaina"]
[Result "0-1"]
[WhiteElo "2018"]
[BlackElo "2410"]
[Annotator "TA"]
[PlyCount "34"]
[EventDate "2019.05.18"]
[EventType "team-tourn"]
[EventCountry "FRA"]
[SourceTitle "playchess.com"]
[Source "ChessBase"]
[SourceQuality "1"]

1. d4 Nf6 2. Bg5 d5 3. e3 c5 4. c3 e6 5. Nf3 Nbd7 6. Nbd2 Qc7 7. Bf4 Bd6 8. Bxd6 Qxd6 9. Be2 b6 10. a3 O-O 11. O-O Bb7 12. Re1 a6 13. Bd3 Ne4 14. Bxe4 dxe4 15. Nc4 Qd5 16. Nfe5 Nxe5 17. Nxb6 Qd6 0-1

[Event "FRA-chT Top 12 2019"]
[Site "Brest"]
[Date "2019.05.28"]
[Round "11.8"]
[White "Fruteau, Sabine"]
[Black "De Seroux, Camille"]
[Result "0-1"]
[WhiteElo "2015"]
[BlackElo "2143"]
[Annotator "ChessBase"]
[PlyCount "26"]
[EventDate "2019.05.18"]
[EventType "team-tourn"]
[EventCountry "FRA"]
[SourceTitle "playchess.com"]
[Source "ChessBase"]
[SourceQuality "1"]

1. e4 c5 2. Nf3 d6 3. Bb5+ Nd7 4. c4 a6 5. Ba4 Ngf6 6. Nc3 e6 7. O-O Be7 8. d3 O-O 9. Bxd7 Bxd7 10. h3 b5 11. Nh2 Bc6 12. f4 bxc4 13. dxc4 Nxe4 0-1